Subdivisions of Costa Rica - Statistics

General Stats
  • This quiz has been taken 31 times
  • The average score is 6 of 7
Answer Stats
Answer % Correct
San Jose
100%
Limon
93%
Alajuela
86%
Cartago
86%
Heredia
86%
Puntarenas
86%
Guanacaste
71%
No matching quizzes found
Score Distribution
Percent of People with Each Score
Percentile by Number Answered
Your Score History
You have not taken this quiz